[Event "Cesenatico op 14th"]
[Site "Cesenatico"]
[Date "2010.09.01"]
[Round "3"]
[White "Stips, Felix"]
[Black "Shalnev, Nicolai"]
[Result "1/2-1/2"]
[WhiteElo "2209"]
[BlackElo "2450"]
[PlyCount "62"]
[EventDate "2010.08.30"]
[EventType "swiss"]
[EventRounds "9"]
[EventCountry "ITA"]
[SourceTitle "CBM 138 Extra"]
[Source "ChessBase"]
[SourceDate "2010.10.29"]
[SourceVersion "1"]
[SourceVersionDate "2010.10.29"]
[SourceQuality "1"]

1. Nf3 c5 2. c4 Nf6 3. Nc3 d5 4. cxd5 Nxd5 5. d4 cxd4 6. Qxd4 Nxc3 7. Qxc3 Nc6 8. e4 Bd7 9. Be2 Qa5 10. Bd2 Qxc3 11. Bxc3 f6 12. 0-0 e5 13. Rfd1 Bb4 14. Bxb4 Nxb4 15. a3 Nc6 16. h3 Rc8 17. Rac1 Ke7 18. b4 Be6 19. Bb5 Rhd8 20. Rxd8 Nxd8 21. Rxc8 Bxc8 22. Bc4 Be6 23. Nd2 Bxc4 24. Nxc4 Nc6 25. Kf1 Nd4 26. Ke1 b5 27. Na5 Nc2+ 28. Kd2 Nxa3 29. Kc3 Nb1+ 30. Kc2 Na3+ 31. Kb3 Nb1 1/2-1/2

[Event "Dieren op"]
[Site "Dieren"]
[Date "2010.08.05"]
[Round "9"]
[White "Shalnev, Nicolai"]
[Black "Kartsev, Alexandr"]
[Result "1/2-1/2"]
[WhiteElo "2436"]
[BlackElo "2145"]
[PlyCount "165"]
[EventDate "2010.07.27"]
[EventType "swiss"]
[EventRounds "9"]
[EventCountry "NED"]
[SourceTitle "CBM 137 Extra"]
[Source "ChessBase"]
[SourceDate "2010.09.01"]
[SourceVersion "1"]
[SourceVersionDate "2010.09.01"]
[SourceQuality "1"]

1. e4 d5 2. exd5 Nf6 3. Bb5+ Bd7 4. Bc4 Bg4 5. f3 Bc8 6. Nc3 Nbd7 7. Qe2 a6 8. a4 Nb6 9. Qd3 Nxc4 10. Qxc4 e6 11. dxe6 Bxe6 12. Qh4 Be7 13. Qf2 0-0 14. Nge2 Nd5 15. Nxd5 Bxd5 16. d3 Bf6 17. 0-0 Re8 18. c3 Bb3 19. Nf4 Qd7 20. Nh5 Be7 21. Qg3 g6 22. Bg5 Qc6 23. d4 f6 24. Bd2 Bxa4 25. Rfe1 Bc2 26. Nf4 Bd6 27. Qf2 Qb5 28. Rxe8+ Rxe8 29. Re1 Bf5 30. Rxe8+ Qxe8 31. g4 Bc2 32. Nd5 Qe6 33. c4 c6 34. Qe3 Qf7 35. Nf4 Qe7 36. c5 Qxe3+ 37. Bxe3 Be7 38. d5 cxd5 39. Nxd5 Bd8 40. Bd4 Kf7 41. Kf2 Bb3 42. Nb6 Be6 43. h3 f5 44. Ke3 fxg4 45. fxg4 h5 46. Kf4 Bc7+ 47. Kg5 Bd8+ 48. Kf4 Bc7+ 49. Kg5 Bd8+ 50. Kf4 g5+ 51. Kf3 Kg6 52. Na4 Bd5+ 53. Kf2 Be6 54. Kf3 Bd5+ 55. Kf2 Bc7 56. Nc3 Bc6 57. Nd1 Bf4 58. Ne3 Be4 59. Nc4 Bd5 60. Ne3 Be6 61. Kf3 Bd7 62. Kf2 Bxe3+ 63. Bxe3 hxg4 64. hxg4 Bxg4 65. b4 Bd1 66. Kg3 Kf5 67. Bd2 g4 68. Kf2 Ke4 69. Bc3 Kd3 70. Be1 Bf3 71. Kg3 Kc2 72. Kf2 Kd1 73. Bc3 Bc6 74. Kg3 Bd7 75. Kf2 Be6 76. Kg3 Ke2 77. Kg2 Bb3 78. Kg3 Bd1 79. Kg2 Kd3 80. Be1 Bf3+ 81. Kf2 Kc2 82. Kg3 Kd1 83. Bc3 1/2-1/2

[Event "Dieren op"]
[Site "Dieren"]
[Date "2010.08.04"]
[Round "8"]
[White "Zwirs, Nico"]
[Black "Shalnev, Nicolai"]
[Result "1/2-1/2"]
[WhiteElo "2059"]
[BlackElo "2436"]
[PlyCount "22"]
[EventDate "2010.07.27"]
[EventType "swiss"]
[EventRounds "9"]
[EventCountry "NED"]
[SourceTitle "CBM 137 Extra"]
[Source "ChessBase"]
[SourceDate "2010.09.01"]
[SourceVersion "1"]
[SourceVersionDate "2010.09.01"]
[SourceQuality "1"]

1. e4 c5 2. Nf3 d6 3. d4 cxd4 4. Nxd4 Nf6 5. Nc3 a6 6. Bg5 e5 7. Nf5 Bxf5 8. exf5 Nbd7 9. Bc4 Be7 10. 0-0 0-0 11. Qf3 b5 1/2-1/2

[Event "Mittelfranken-chTB1 0809"]
[Site "Mittelfranken"]
[Date "2008.10.26"]
[Round "2.1"]
[White "Finster, Michael"]
[Black "Shalnev, Nicolai"]
[Result "1/2-1/2"]
[WhiteElo "2059"]
[BlackElo "2431"]
[PlyCount "80"]
[EventDate "2008.10.12"]
[EventType "team"]
[EventRounds "9"]
[EventCountry "GER"]
[SourceTitle "EXT 2011"]
[Source "ChessBase"]
[SourceDate "2010.11.26"]
[SourceVersion "1"]
[SourceVersionDate "2010.11.26"]
[SourceQuality "1"]
[WhiteTeam "Nuernberg Sued SW II"]
[BlackTeam "Fuerth SZ"]
[WhiteTeamCountry "GER"]
[BlackTeamCountry "GER"]

1. e4 c5 2. Nc3 d6 3. g3 Nc6 4. Bg2 g6 5. d3 Bg7 6. Be3 e6 7. Qd2 Nd4 8. Nd1 Rb8 9. c3 Nc6 10. Ne2 b6 11. 0-0 Nge7 12. Bh6 0-0 13. Bxg7 Kxg7 14. f4 d5 15. e5 Nf5 16. Ne3 Nxe3 17. Qxe3 Bb7 18. d4 Ba6 19. Rf2 Qe7 20. g4 cxd4 21. Nxd4 Nxd4 22. Qxd4 Qc5 23. Rc1 Rbc8 24. Rd2 Bc4 25. a3 Bb3 26. Re1 Qxd4+ 27. Rxd4 Rc4 28. Rxc4 Bxc4 29. g5 h6 30. h4 hxg5 31. hxg5 Bb3 32. Kf2 Rh8 33. Rh1 Rxh1 34. Bxh1 Kf8 35. Ke3 Ke7 36. Kd4 Kd7 37. Bf3 Kc6 38. Be2 a5 39. Bf1 b5 40. Bd3 a4 1/2-1/2

[Event "Cappelle op 20th"]
[Site "Cappelle la Grande"]
[Date "2004.03.02"]
[Round "5"]
[White "Shalnev, Nicolai"]
[Black "Santos, Antonio Pereira"]
[Result "1/2-1/2"]
[WhiteElo "2553"]
[BlackElo "2283"]
[PlyCount "39"]
[EventDate "2004.02.28"]
[EventType "swiss"]
[EventRounds "9"]
[EventCountry "FRA"]
[SourceTitle "CBM 099 Extra"]
[Source "ChessBase"]
[SourceDate "2004.05.04"]
[SourceVersion "1"]
[SourceVersionDate "2004.05.04"]
[SourceQuality "1"]

1. e4 c5 2. Nf3 d6 3. d4 cxd4 4. Nxd4 Nf6 5. Nc3 a6 6. g3 e5 7. Nde2 Be7 8. Bg2 Nbd7 9. 0-0 b5 10. Nd5 Nxd5 11. Qxd5 Qc7 12. Be3 Bb7 13. Qd2 0-0 14. Nc3 Nf6 15. h3 Rac8 16. Rfc1 Qc4 17. Qd3 b4 18. Nd5 Nxd5 19. exd5 Qxd3 20. cxd3 1/2-1/2

[Event "Cappelle op 20th"]
[Site "Cappelle la Grande"]
[Date "2004.02.29"]
[Round "2"]
[White "Shalnev, Nicolai"]
[Black "Abergel, Thal"]
[Result "0-1"]
[WhiteElo "2553"]
[BlackElo "2441"]
[PlyCount "86"]
[EventDate "2004.02.28"]
[EventType "swiss"]
[EventRounds "9"]
[EventCountry "FRA"]
[SourceTitle "CBM 099 Extra"]
[Source "ChessBase"]
[SourceDate "2004.05.04"]
[SourceVersion "1"]
[SourceVersionDate "2004.05.04"]
[SourceQuality "1"]

1. e4 c5 2. Nf3 d6 3. d4 cxd4 4. Nxd4 Nf6 5. Nc3 Nc6 6. g3 Bg4 7. f3 Bd7 8. Be3 Rc8 9. Qd2 Nxd4 10. Bxd4 a6 11. a4 e5 12. Be3 h6 13. Bg2 Be7 14. 0-0 0-0 15. Rfd1 Qc7 16. Qf2 Be6 17. Bb6 Qc6 18. Rd2 Bd8 19. Bxd8 Rfxd8 20. Rad1 b5 21. axb5 axb5 22. Nd5 Bxd5 23. exd5 Qb7 24. h3 Rc4 25. Kh2 b4 26. Qe3 Rdc8 27. Qb3 Qc7 28. Rc1 Qc5 29. Bf1 Rd4 30. Rcd1 Nxd5 31. Rxd4 exd4 32. Bd3 Ne3 33. Rd2 g5 34. Qa4 h5 35. Qd7 h4 36. Qe7 Qe5 37. Qxe5 dxe5 38. gxh4 gxh4 39. f4 e4 40. Ba6 Rxc2 41. Rxc2 Nxc2 42. Kg2 d3 43. Kf1 Kg7 0-1

[Event "Vantaa We Remi op"]
[Site "Vantaa"]
[Date "1997.??.??"]
[Round "4"]
[White "Shalnev, Nicolai"]
[Black "Kallio, Heikki"]
[Result "0-1"]
[WhiteElo "2295"]
[BlackElo "2240"]
[PlyCount "122"]
[EventDate "1997.??.??"]
[EventType "swiss"]
[EventRounds "5"]
[EventCountry "FIN"]
[SourceTitle "EXT 1999"]
[Source "ChessBase"]
[SourceDate "1998.11.16"]
[SourceVersion "1"]
[SourceVersionDate "1998.11.16"]
[SourceQuality "1"]

1. e4 c6 2. d4 d5 3. exd5 cxd5 4. Bd3 Nf6 5. c3 Bg4 6. Qb3 Qc8 7. Bf4 Nc6 8. Nd2 e6 9. Ngf3 Be7 10. 0-0 0-0 11. Rfe1 Bh5 12. Ne5 Nxe5 13. Bxe5 Bg6 14. Bxg6 hxg6 15. Qd1 b5 16. h4 a5 17. Re3 b4 18. g4 bxc3 19. bxc3 Qd8 20. h5 g5 21. Kg2 Bd6 22. Bxd6 Qxd6 23. Re5 Rfc8 24. Qf3 Nh7 25. Rae1 Qa3 26. Nb3 Qxa2 27. Nc5 Qd2 28. R5e3 a4 29. R3e2 Qf4 30. Qxf4 gxf4 31. Kf3 a3 32. Ra2 Rc7 33. Kxf4 Nf6 34. Rea1 Rca7 35. f3 Kf8 36. Ke3 Ne8 37. Kd3 Nd6 38. Rb1 Ke7 39. Kc2 Kf6 40. f4 Rh8 41. Rg1 Nc4 42. Nd3 g6 43. g5+ Kf5 44. h6 f6 45. Kc1 Nd6 46. gxf6 Rxh6 47. Ne5 Rh3 48. Rg5+ Kxf4 49. Rg4+ Ke3 50. Rg1 Ra8 51. Kd1 Ne4 52. Re2+ Kf4 53. Rf1+ Kg5 54. Rg2+ Rg3 55. Nf7+ Kg4 56. Ne5+ Kh3 57. Rc2 Rg2 58. Rh1+ Kg3 59. f7 a2 60. Rxg2+ Kxg2 61. Kc2 Kxh1 0-1

[Event "Helsinki We SKF op"]
[Site "Helsinki"]
[Date "1996.??.??"]
[Round "3"]
[White "Lehto, Ville"]
[Black "Shalnev, Nicolai"]
[Result "0-1"]
[WhiteElo "2295"]
[BlackElo "2295"]
[PlyCount "106"]
[EventDate "1996.??.??"]
[EventType "swiss"]
[EventRounds "5"]
[EventCountry "FIN"]
[SourceTitle "EXT 1999"]
[Source "ChessBase"]
[SourceDate "1998.11.16"]
[SourceVersion "1"]
[SourceVersionDate "1998.11.16"]
[SourceQuality "1"]

1. e4 c5 2. Nf3 d6 3. d4 cxd4 4. Nxd4 Nf6 5. Nc3 a6 6. Bc4 e6 7. Bb3 b5 8. 0-0 Be7 9. Re1 0-0 10. Qf3 Qd7 11. Qg3 Nc6 12. Nxc6 Qxc6 13. Bh6 Ne8 14. Nd5 Bd8 15. Rad1 Kh8 16. Bg5 Bb7 17. Bxd8 Rxd8 18. Qh4 Rd7 19. Nb4 Qc7 20. c3 a5 21. Nd3 a4 22. Bc2 e5 23. a3 Nf6 24. Nb4 h6 25. f3 Rfd8 26. Bd3 d5 27. exd5 Bxd5 28. Bf1 Bc4 29. Rxd7 Rxd7 30. Bxc4 bxc4 31. Qf2 e4 32. Na6 Qd8 33. Nc5 Rd2 34. Re2 Rd1+ 35. Re1 exf3 36. gxf3 Rd2 37. Re2 Rd5 38. Ne4 Rd1+ 39. Kg2 Nh5 40. Rd2 Nf4+ 41. Kg3 Qc7 42. Rxd1 Nd3+ 43. Kg2 Nxf2 44. Nxf2 Qb6 45. Rd2 Qg6+ 46. Kf1 Qg5 47. Rd4 Qc1+ 48. Nd1 Qc2 49. Ke1 Qxh2 50. Rxc4 Qg2 51. Rxa4 Qxf3 52. Rb4 g5 53. Nf2 h5 0-1

[Event "Espoo op"]
[Site "Espoo"]
[Date "1996.??.??"]
[Round "?"]
[White "Shalnev, Nicolai"]
[Black "Kekki, Petri"]
[Result "1/2-1/2"]
[WhiteElo "2295"]
[BlackElo "2350"]
[PlyCount "137"]
[EventDate "1996.??.??"]
[EventType "swiss"]
[EventRounds "5"]
[EventCountry "FIN"]
[SourceTitle "EXT 1998"]
[Source "ChessBase"]
[SourceDate "1997.11.17"]
[SourceVersion "1"]
[SourceVersionDate "1997.11.17"]
[SourceQuality "1"]

1. e4 e6 2. d4 d5 3. Nc3 Bb4 4. e5 Ne7 5. a3 Bxc3+ 6. bxc3 c5 7. a4 Qa5 8. Qd2 Bd7 9. Nf3 Nbc6 10. Bd3 f6 11. 0-0 fxe5 12. dxe5 0-0-0 13. Re1 h6 14. Ba3 g5 15. c4 g4 16. Qxa5 Nxa5 17. Nd2 b6 18. cxd5 exd5 19. e6 Bc6 20. Bb2 d4 21. c3 dxc3 22. Ba6+ Bb7 23. Bxb7+ Nxb7 24. Bxc3 Rhe8 25. Nc4 Nd5 26. Bd2 Nd6 27. Nxd6+ Rxd6 28. Bxh6 Rdxe6 29. Rxe6 Rxe6 30. Bg5 Rg6 31. Bd2 a6 32. Rb1 c4 33. Kf1 c3 34. Rc1 Rc6 35. Ke2 Kd7 36. Bg5 b5 37. axb5 axb5 38. Kd3 b4 39. Kc2 Re6 40. Kb3 Kc6 41. h4 Re2 42. Rc2 Re8 43. Ra2 Kb5 44. Be3 Nxe3 45. fxe3 Rxe3 46. Ra8 Re2 47. Rb8+ Kc5 48. Rc8+ Kd4 49. Rd8+ Kc5 50. Rc8+ Kd6 51. Kxb4 c2 52. g3 Kd5 53. Kb3 Rg2 54. h5 Rxg3+ 55. Kxc2 Ke4 56. Kd2 Rh3 57. Ke2 Kf4 58. Kf2 Rh2+ 59. Kg1 g3 60. h6 Kf3 61. Rf8+ Kg4 62. Rg8+ Kf3 63. Rf8+ Kg4 64. Rg8+ Kf4 65. Rf8+ Kg5 66. Rg8+ Kxh6 67. Rh8+ Kg7 68. Rxh2 gxh2+ 69. Kxh2 1/2-1/2

[Event "Espoo op"]
[Site "Espoo"]
[Date "1996.??.??"]
[Round "?"]
[White "Shalnev, Nicolai"]
[Black "Kiik, Kalle"]
[Result "0-1"]
[WhiteElo "2295"]
[BlackElo "2385"]
[PlyCount "98"]
[EventDate "1996.??.??"]
[EventType "swiss"]
[EventRounds "5"]
[EventCountry "FIN"]
[SourceTitle "EXT 1998"]
[Source "ChessBase"]
[SourceDate "1997.11.17"]
[SourceVersion "1"]
[SourceVersionDate "1997.11.17"]
[SourceQuality "1"]

1. e4 c5 2. Nf3 e6 3. d4 cxd4 4. Nxd4 Nc6 5. Nc3 d6 6. g3 Nf6 7. Bg2 Bd7 8. 0-0 Be7 9. h3 a6 10. Nxc6 Bxc6 11. a4 0-0 12. Qe2 Nd7 13. Rd1 Qc7 14. Nd5 Bxd5 15. exd5 e5 16. a5 Rac8 17. c3 f5 18. Be3 Bf6 19. Ra4 g6 20. Rb4 Bg7 21. Bb6 Qb8 22. Ra1 Rf7 23. Ra3 e4 24. Bd4 Bxd4 25. Rxd4 Ne5 26. Rb3 Nd3 27. Qd2 Rc5 28. Ra3 Qc7 29. b4 Rc4 30. Rxc4 Qxc4 31. Bf1 f4 32. gxf4 Qxd5 33. c4 Qxc4 34. Bxd3 exd3 35. Rxd3 Rxf4 36. Rxd6 Qxb4 37. Qxb4 Rxb4 38. Rd7 Rb5 39. Kg2 h5 40. f4 g5 41. fxg5 Rxg5+ 42. Kf3 Rb5 43. Ke4 Kf8 44. Kd4 Ke8 45. Rd5 Rxd5+ 46. Kxd5 h4 47. Kd4 Kd7 48. Kd5 Kc7 49. Kc5 b6+ 0-1

[Event "Neuwied op"]
[Site "Neuwied"]
[Date "1993.??.??"]
[Round "8"]
[White "Shalnev, Nicolai"]
[Black "Kostadinov, Atanas"]
[Result "0-1"]
[WhiteElo "2285"]
[BlackElo "2245"]
[PlyCount "40"]
[EventDate "1993.??.??"]
[EventType "swiss"]
[EventRounds "9"]
[EventCountry "GER"]
[SourceTitle "GER"]
[Source "ChessBase"]
[SourceDate "1999.07.01"]
[SourceVersion "1"]
[SourceVersionDate "1999.07.01"]
[SourceQuality "1"]

1. e4 c5 2. Nf3 d6 3. d4 cxd4 4. Nxd4 Nf6 5. Nc3 Nc6 6. g3 Bg4 7. f3 Bd7 8. Be3 a6 9. g4 Nxd4 10. Qxd4 Bc6 11. 0-0-0 e6 12. g5 Nd7 13. h4 b5 14. a3 Rb8 15. Bg2 a5 16. b4 axb4 17. axb4 e5 18. Qd2 Be7 19. Kb2 0-0 20. Ra1 Nb6 0-1